000
00279nam a2200121Ia 4500
008
220216s9999 xx 000 0 und d
100
_a
Morton G F
245
0
_a
Tyre design
260
_b
Proceedings of the IRI
_c
1966
300
_a
214-231
650
_a
Tyre design
942
_c
JS
999
_c
71646
_d
71646